000 01187cam a2200337 a 4500
001 46952
005 20230410115458.0
008 980622s2005 sp b 001 0 spa
020 _a8474267838
040 _aDLC
_cDLC
_dDLC
050 1 4 _aHD 9000.5
_bL316d 2005
082 0 0 _a363.8
_221
100 1 _aLappé, Frances Moore.
245 1 0 _aDoce mitos sobre el hambre :
_bun enfoque esperanzador para la agricultura y la alimentación del siglo XXI /
_cFrances Moore Lappé, Joseph Collins, Peter Rosset ; con Luis Esparza ; traduccion al castellano Griselda Piñero.
250 _a1a ed.
260 _aBarcelona :
_bIcaria Editorial,
_c2005.
300 _a311 p.
500 _aTraducción de: World hunger : 12 myths
504 _aIncluye referencias bibliográficas (p. 241-300) e índice.
650 0 _aFood supply.
650 0 _aAgriculture and state.
650 0 _aNutrition policy.
650 0 _aPoverty.
650 0 _aSocial policy.
700 1 _aCollin, Joseph,
_d1945-
700 1 _aRosset, Peter.
700 1 _aEsparza, Luis.
700 1 _aPiñero, Griselda.,
_etr
710 2 _aInstitute for Food and Development Policy (Oakland, Calif.)
942 _2lcc
_cbk
999 _c42018
_d42018